[Event "VIII Iberoamericano Mexico 2022"]
[Site "Mexico City"]
[Date "2022.02.13"]
[Round "2.42"]
[White "Hernandez Jimenez, Alexander Andres"]
[Black "Rolandi Rodriguez, Dario"]
[Result "1/2-1/2"]
[WhiteElo "2167"]
[BlackElo "1356"]
[Annotator "ChessBase"]
[PlyCount "67"]
[EventDate "2022.02.12"]
[EventType "swiss"]
[EventCountry "MEX"]
[SourceTitle "playchess.com"]
[Source "ChessBase"]
[SourceQuality "1"]
[TimeControl "5400+30"]

1. e4 {[%emt 0:00:03]} e5 {[%emt 0:00:07]} 2. Nf3 {[%emt 0:00:10]} Nc6 {[%emt 0:00:06]} 3. Bc4 {[%emt 0:00:23]} Bc5 {[%emt 0:00:15]} 4. c3 {[%emt 0:01:47]} Nf6 {[%emt 0:00:42]} 5. d3 {[%emt 0:00:08]} d6 {[%emt 0:00:13]} 6. O-O {[%emt 0:01:31]} a6 {[%emt 0:00:38]} 7. d4 {[%emt 0:05:19]} Ba7 {[%emt 0:01:59]} 8. dxe5 {[%emt 0:00:31]} Nxe5 {[%emt 0:00:42]} 9. Nxe5 {[%emt 0:00:11]} dxe5 {[%emt 0:00:03]} 10. Qxd8+ {[%emt 0:36:24]} Kxd8 {[%emt 0:00:14]} 11. Nd2 {[%emt 0:04:47]} Ke7 {[%emt 0:04:08]} 12. b3 {[%emt 0:12:23]} b5 {[%emt 0:04:10]} 13. Be2 {[%emt 0:05:38]} Bb7 {[%emt 0:01:03]} 14. a4 {[%emt 0:06:09]} Bc6 {[%emt 0:12:15]} 15. Nf3 {[%emt 0:01:56]} Nd7 {[%emt 0:05:37]} 16. Ba3+ {[%emt 0:01:18]} Kf6 {[%emt 0:02:49]} 17. axb5 {[%emt 0:02:16]} axb5 {[%emt 0:03:48]} 18. c4 {[%emt 0:04:18]} bxc4 {[%emt 0:01:41]} 19. Bxc4 {[%emt 0:00:02]} Bxe4 {[%emt 0:03:37]} 20. Rad1 {[%emt 0:03:24]} Rhd8 {[%emt 0:06:57]} 21. Bb2 {[%emt 0:00:03]} Bxf3 {[%emt 0:04:59]} 22. gxf3 {[%emt 0:00:02]} Bc5 {[%emt 0:05:12]} 23. f4 {[%emt 0:01:26]} Bd4 {[%emt 0:11:52]} 24. Bxd4 {[%emt 0:00:58]} exd4 {[%emt 0:00:15]} 25. Rxd4 {[%emt 0:00:02]} Nb6 {[%emt 0:00:46]} 26. Rfd1 {[%emt 0:01:09]} Rxd4 {[%emt 0:05:24]} 27. Rxd4 {[%emt 0:00:02]} Nxc4 {[%emt 0:00:26]} 28. Rxc4 {[%emt 0:00:03]} Ra7 {[%emt 0:00:34]} 29. Kg2 {[%emt 0:00:27]} Rb7 {[%emt 0:01:21]} 30. b4 {[%emt 0:03:12]} Ke6 {[%emt 0:03:17]} 31. Rc6+ {[%emt 0:06:03]} Kd7 {[%emt 0:20:50]} 32. Rc4 {[%emt 0:04:25]} Kd6 {[%emt 0:00:30]} 33. Kf3 {[%emt 0:00:30]} c6 34. Ke4 {[%emt 0:00:00]} 1/2-1/2

[Event "VIII Iberoamericano Mexico 2022"]
[Site "Mexico City"]
[Date "2022.02.13"]
[Round "2.45"]
[White "Hernandez Diaz, Paula Sofia"]
[Black "Solorzano, Andres"]
[Result "1-0"]
[WhiteElo "1762"]
[BlackElo "2049"]
[Annotator "ChessBase"]
[PlyCount "80"]
[EventDate "2022.02.12"]
[EventType "swiss"]
[EventCountry "MEX"]
[SourceTitle "playchess.com"]
[Source "ChessBase"]
[SourceQuality "1"]
[TimeControl "5400+30"]

1. e4 {[%emt 0:00:04]} d6 {[%emt 0:02:28]} 2. d4 {[%emt 0:00:20]} Nf6 {[%emt 0:00:04]} 3. Nc3 {[%emt 0:00:30]} g6 {[%emt 0:00:11]} 4. Be3 {[%emt 0:01:01]} Bg7 {[%emt 0:00:08]} 5. Qd2 Nbd7 {[%emt 0:01:15]} 6. Nf3 {[%emt 0:01:24]} Ng4 {[%emt 0:03:04]} 7. Bg5 {[%emt 0:02:38]} h6 {[%emt 0:00:10]} 8. Bh4 {[%emt 0:00:31]} O-O {[%emt 0:02:23]} 9. h3 {[%emt 0:08:38]} Ngf6 {[%emt 0:00:14]} 10. O-O-O {[%emt 0:08:17]} c5 {[%emt 0:13:36]} 11. dxc5 {[%emt 0:10:01]} Nxc5 {[%emt 0:09:26]} 12. e5 {[%emt 0:08:29]} Ne8 {[%emt 0:02:37]} 13. Bc4 {[%emt 0:15:27]} g5 {[%emt 0:11:38]} 14. Bg3 {[%emt 0:12:47]} Be6 {[%emt 0:21:48]} 15. Bxe6 {[%emt 0:08:44]} Nxe6 {[%emt 0:00:31]} 16. exd6 {[%emt 0:04:05]} Nxd6 {[%emt 0:00:10]} 17. Be5 {[%emt 0:08:08]} Qa5 {[%emt 0:16:45]} 18. Bxg7 {[%emt 0:04:12]} Kxg7 {[%emt 0:00:28]} 19. Nd4 {[%emt 0:00:45]} Nf4 {[%emt 0:03:50]} 20. Nb3 {[%emt 0:01:08]} Qf5 {[%emt 0:01:55]} 21. f3 {[%emt 0:01:34]} b5 {[%emt 0:03:47]} 22. Qd4+ {[%emt 0:01:27]} Kg8 {[%emt 0:00:46]} 23. h4 {[%emt 0:00:41]} Rfc8 {[%emt 0:02:12]} 24. Kb1 {[%emt 0:01:03]} Rc4 {[%emt 0:00:47]} 25. Qf2 {[%emt 0:00:11]} b4 {[%emt 0:00:40]} 26. g4 {[%emt 0:00:28]} Qg6 {[%emt 0:00:36]} 27. Nd5 {[%emt 0:00:32]} Nxd5 {[%emt 0:00:27]} 28. Rxd5 {[%emt 0:00:06]} Rac8 {[%emt 0:00:14]} 29. Rd2 {[%emt 0:00:10]} f6 {[%emt 0:01:22]} 30. Qe2 {[%emt 0:00:41]} R8c7 {[%emt 0:00:26]} 31. hxg5 {[%emt 0:00:44]} fxg5 {[%emt 0:00:25]} 32. Qh2 {[%emt 0:00:36]} Kg7 {[%emt 0:00:29]} 33. Qe5+ {[%emt 0:00:29]} Kg8 {[%emt 0:00:47]} 34. Rhh2 {[%emt 0:00:49]} Rf4 {[%emt 0:01:02]} 35. Qd5+ {[%emt 0:00:33]} Kg7 {[%emt 0:00:34]} 36. Nd4 {[%emt 0:00:27]} Rf6 {[%emt 0:00:32]} 37. Rde2 {[%emt 0:00:38]} Rc4 {[%emt 0:00:39]} 38. Rxe7+ {[%emt 0:00:35]} Kf8 {[%emt 0:00:29]} 39. Ree2 {[%emt 0:00:22]} Qf7 {[%emt 0:00:31]} 40. Ne6+ {[%emt 0:00:39]} Rxe6 {[%emt 0:01:04]} 1-0

[Event "VIII Iberoamericano Mexico 2022"]
[Site "Mexico City"]
[Date "2022.02.13"]
[Round "2.46"]
[White "Sosa Pacheco, Luis"]
[Black "Martin Del Campo Cardenas, Jorge"]
[Result "0-1"]
[WhiteElo "1731"]
[BlackElo "2019"]
[Annotator "TA"]
[PlyCount "93"]
[EventDate "2022.02.12"]
[EventType "swiss"]
[EventCountry "MEX"]
[SourceTitle "playchess.com"]
[Source "ChessBase"]
[SourceQuality "1"]

{[%evp 15,93,-16,7,0,6,6,34,13,80,50,85,8,6,11,18,0,10,14,13,-11,-23,-22,-16,-23,-16,-27,-11,-36,-34,-35,-38,-59,0,0,0,0,0,-20,-18,-41,-18,-50,0,0,0,-53,-31,-27,-8,-35,0,0,0,0,0,-17,0,0,15,-185,-164,-170,-141,-322,-10,-15,0,0,0,0,7,-214,8,0,22,-11,0,0,14,-1141]} 1. e4 c5 2. Nc3 d6 3. f4 g6 4. Nf3 Bg7 5. Bc4 e6 6. O-O Nc6 7. d3 {7.d4 is the fancy move.} Nge7 8. Qe1 h6 9. Qh4 {B23: Closed Sicilian: Lines without g3.} Nd4 10. Nxd4 cxd4 11. Ne2 {[#] White is slightly better.} a6 $146 (11... d5 $11 12. Bb3 O-O) ({Predecessor:} 11... Bd7 12. Qf2 Qb6 13. Bb3 f5 14. c3 dxc3 15. Be3 Qa5 16. bxc3 O-O 17. Bd4 Nc6 18. exf5 Qxf5 19. Bxg7 Kxg7 {½-½ (62) Gelashvili,T (2530)-Izoria,Z (2466) Tbilisi 2001}) 12. Bb3 Bd7 13. Ng3 (13. Qf2 $16) 13... Nc6 $11 14. Qxd8+ Rxd8 15. f5 Ke7 16. Bd2 {Prevents Na5.} Be5 17. Bf4 Rc8 18. Bxe5 dxe5 19. fxg6 fxg6 20. Rf2 Rhf8 (20... Na5 {with more complications.} 21. Nf1 Rhf8 22. Rc1 Bb5 23. Rd2 b6) 21. Raf1 Rxf2 22. Rxf2 b5 23. Kf1 Nd8 (23... a5 $15 24. c3 dxc3 25. bxc3 a4) 24. Ke1 a5 25. a3 Nb7 26. Kd2 Nc5 27. Ne2 Bc6 {[%cal Oc6e4]} 28. Kd1 Ra8 (28... b4 $15) 29. Ng1 $1 b4 30. Bc4 (30. axb4 $11 Nxb3 31. cxb3) 30... bxa3 $15 31. bxa3 Rb8 $36 {[%mdl 2048] Black has the initiative.} 32. Kc1 {To avoid Rb1+} (32. Nf3 $5 {[%cal Rf3e5]}) 32... Rc8 (32... Na4 $5 {[%cal Ra4c3]} 33. Nf3 Nc3 $15) 33. Nf3 Rf8 34. Kd1 g5 35. h3 Na4 {[%cal Oc6e4]} 36. Ke1 Kd6 {[#]} 37. Nh2 $2 (37. Bxe6 $1 $11 {and White is okay.} Nc3 (37... Rxf3 38. Rxf3) 38. Bg4) 37... Rxf2 $19 38. Kxf2 {[%mdl 4096] Endgame KBN-KBN} Nc3 {White must now prevent ...Nb1.} 39. Ng4 $2 (39. Ke1 $17 {was forced.}) 39... Nb1 $2 ({Better is} 39... h5 $19 40. Nf6 Nb1) 40. Nxh6 $11 Nxa3 41. Nf7+ Ke7 42. Nxe5 Be8 {[#] And now ...Kd6 would win.} 43. Nf3 $2 (43. Ke2 $11) 43... Nxc2 $2 (43... Nxc4 $19 44. dxc4 a4 45. Nxd4 e5) 44. Nxg5 {The position is equal.} Bd7 45. h4 a4 {[%mdl 1024] Black has compensation.} 46. h5 Ne3 47. Kf3 $2 {[%mdl 8192] Weighted Error Value: White=0.41/Black=0.37} (47. h6 $11 Ng4+ 48. Ke2 Nxh6 49. Nf3) 0-1

[Event "VIII Iberoamericano Mexico 2022"]
[Site "Mexico City"]
[Date "2022.02.14"]
[Round "3.1"]
[White "Sanchez Alvarez, Roberto Carlos"]
[Black "Cori, Jorge"]
[Result "1-0"]
[WhiteElo "2407"]
[BlackElo "2650"]
[Annotator "TA"]
[PlyCount "53"]
[EventDate "2022.02.12"]
[EventType "swiss"]
[EventCountry "MEX"]
[SourceTitle "playchess.com"]
[Source "ChessBase"]
[SourceQuality "1"]

{[%evp 15,53,29,30,12,25,16,18,16,23,23,25,20,24,-25,-16,-20,-20,-19,0,0,0,0,0,0,0,0,340,324,404,146,734,721,838,621,606,516,719,634,2137,1606]} 1. d4 d5 2. c4 c6 3. cxd5 cxd5 4. Nc3 Nf6 5. Bf4 a6 6. e3 Nc6 7. Bd3 e6 8. Nf3 Bd6 9. Ne5 {D13: Slav Defence: Exchange variation without ...Bf5.} Bxe5 10. Bxe5 Nxe5 11. dxe5 {The position is equal.} Nd7 12. f4 Qb6 {[%csl LRb2,LRe3]} 13. Qd2 Nc5 {[%cal Ob6b2] [#]} 14. Rc1 $146 {[#]} (14. Be2 {deserves consideration.}) ({Predecessor:} 14. Bc2 Bd7 15. O-O Qxb2 16. Rab1 Qa3 17. f5 Rc8 18. f6 gxf6 19. Rxf6 Rg8 20. Bxh7 {0-1 (34) Jobava,B (2629)-Postny,E (2623) Chess.com INT 2019}) 14... Qxb2 $1 15. Bc2 (15. Bb5+ $2 axb5 16. Rc2 Qb4 $19) 15... Bd7 {Inhibits Na4.} 16. O-O $1 Rc8 {[%cal Oc5b3]} 17. Qd4 {[%cal Oc3e4]} Qa3 18. f5 exf5 19. Nxd5 {Threatens to win with Nb6.} Ne6 20. Qd2 Rd8 $2 {[%mdl 8192]} (20... O-O $11) 21. Bxf5 $18 ({Weaker is} 21. Rxf5 Bc6 22. e4 Bxd5 23. exd5 Rxd5 $3 $17 {[%mdl 512]}) 21... O-O 22. Rc3 $2 (22. e4 $18 Qa4 23. Rcd1) 22... Qa5 {[%mdl 8192] [#] A mistake that costs the game.} (22... Qa4 $16) 23. Bxh7+ $1 {[%mdl 512] White is clearly winning.} Kh8 {[#]} (23... Kxh7 24. e4) 24. e4 $1 {Bf5 is the strong threat.} Rc8 {[#] And now ...Rxc3 would win.} 25. Rfc1 {aiming for Bf5.} Rxc3 (25... Nd4 26. Qxd4) 26. Rxc3 {Black must now prevent Bf5.} Rd8 27. Bf5 {Weighted Error Value: White=0.38/Black=0.57} 1-0

[Event "VIII Iberoamericano Mexico 2022"]
[Site "Mexico City"]
[Date "2022.02.14"]
[Round "3.2"]
[White "Diaz Rosas, Julio Cesar"]
[Black "Santos Latasa, Jaime"]
[Result "0-1"]
[WhiteElo "2393"]
[BlackElo "2640"]
[Annotator "TA"]
[PlyCount "46"]
[EventDate "2022.02.12"]
[EventType "swiss"]
[EventCountry "MEX"]
[SourceTitle "playchess.com"]
[Source "ChessBase"]
[SourceQuality "1"]

{[%evp 19,46,40,31,0,0,23,4,16,0,0,0,7,5,-131,-143,-119,-115,-398,-406,-723,-120,-670,-702,-816,-817,-873,-852,-1698,-1655]} 1. e4 c5 2. Nf3 d6 3. d4 cxd4 4. Nxd4 Nf6 5. Nc3 Nc6 6. Bg5 e6 7. Qd2 a6 8. O-O-O Bd7 9. f4 Be7 {seems to push 9...b5 aside.} 10. Nf3 b5 {[%cal Bb7b5,Bb5b4][%mdl 32]} 11. a3 {B68: Sicilian: Richter-Rauzer: 7...a6 8 0-0-0 Bd7 9 f4 Be7 .} Qa5 12. Kb1 {[#] And now e5 would win.} Rd8 $146 ({Predecessor:} 12... b4 13. axb4 Nxb4 14. Bc4 Rd8 15. Rhe1 O-O 16. Bb3 Qc7 17. f5 Nc6 18. fxe6 fxe6 {½-½ (53) Raghunandan,K (2449)-Praggnanandhaa,R (2567) New Delhi 2019}) 13. Qe1 {The position is equal.} Rb8 14. e5 dxe5 15. Nxe5 {[%cal Od1d7] Hoping for Rxd7!} b4 $1 16. Nxc6 (16. Nxd7 $11 {remains equal.} Nxd7 17. Bxe7 bxc3 18. Bb4 Nxb4 19. Qxc3) 16... Bxc6 $17 17. Na2 Bd5 {White must now prevent ...Qa4.} 18. Nxb4 $2 {[%mdl 8192]} (18. Bxf6 $17 Bxa2+ 19. Kxa2 Bxf6 20. Bc4) 18... Bxb4 $19 19. axb4 (19. Qe5 $142 O-O 20. axb4 Qa2+ 21. Kc1) 19... Qa2+ $40 {[%mdl 128] Black has strong attack.} (19... Rxb4 $2 20. Bxf6 gxf6 21. Rxd5 $1 $18 {[%mdl 512]}) 20. Kc1 {[#]} Ne4 {[%cal Ra2a1] Black is clearly winning.} ({And not} 20... Qa1+ 21. Kd2 Qxb2 22. Bd3 $17) 21. c4 {[#]} O-O $1 {Threatens to win with ...Rfc8.} 22. Be7 (22. Qe3 Rfc8) 22... Rfc8 23. c5 {[#]} Nxc5 $1 {[%mdl 512] Black took control after the opening.  Weighted Error Value: White=1.29/Black=0.00 (flawless)} 0-1

[Event "VIII Iberoamericano Mexico 2022"]
[Site "Mexico City"]
[Date "2022.02.14"]
[Round "3.3"]
[White "Meier, Georg"]
[Black "Perez Gormaz, Matias"]
[Result "1-0"]
[WhiteElo "2631"]
[BlackElo "2404"]
[Annotator "TA"]
[PlyCount "83"]
[EventDate "2022.02.12"]
[EventType "swiss"]
[EventCountry "MEX"]
[SourceTitle "playchess.com"]
[Source "ChessBase"]
[SourceQuality "1"]

{[%evp 13,83,8,12,21,14,9,12,6,15,16,1,6,21,0,8,0,0,0,0,0,14,10,9,16,23,0,0,0,0,0,0,0,0,0,6,5,4,5,12,8,23,4,18,18,35,23,55,37,62,59,87,86,57,62,49,41,92,85,248,173,29970,972,2220,707,679,662,623,623,29995,29992,29996,29993]} 1. Nf3 d5 2. g3 Nf6 3. Bg2 e6 4. O-O Be7 5. c4 O-O 6. d4 dxc4 7. Qc2 b5 8. a4 {E05: Open Catalan: 5 Nf3 Be7.} b4 9. Nbd2 Bb7 10. Nxc4 {The position is equal.} c5 11. dxc5 Be4 12. Qd2 {[#] is now debated instead of 12.Qd1.} Na6 $146 ({Predecessor:} 12... Bxc5 13. Nfe5 Bxg2 14. Kxg2 Nbd7 15. Nxd7 Nxd7 16. Rd1 Nb6 17. Qxd8 Rfxd8 18. Nxb6 Bxb6 {½-½ (32) Dubov,D (2714)-Kryvoruchko,Y (2686) Riga 2021}) 13. Nfe5 {next Qxd8 is good for White.} Qc7 14. c6 Rad8 15. Qf4 Bxg2 16. Kxg2 Nc5 {To avoid e4} 17. Qf3 {Inhibits Nb3.} Nd5 18. e4 f6 19. Nd7 ({And not} 19. exd5 fxe5 20. Qe3 exd5 21. Nxe5 d4 $17) 19... Nxd7 20. cxd7 Qxc4 21. exd5 exd5 22. b3 Qc6 23. Bb2 Rxd7 24. Rac1 $36 {[%mdl 2048] Inhibits Qc2. Black is under pressure.} Qa8 25. Rfd1 Rfd8 26. Bd4 {[%mdl 1024] White has compensation.} Bf8 27. Qe2 Qb7 28. Qe6+ Kh8 29. Qc6 Qb8 30. Rc2 Bd6 31. Rdc1 Rc7 32. Qa6 {[#] aiming for Rxc7.} Rb7 33. f4 h6 34. Rc6 Kg8 (34... Bf8 $14) 35. Qd3 $16 {White is much more active.} Kf7 $2 {This costs Black the game.} (35... Rf7 $16 {was worth a try.}) 36. Qf5 {Black must now prevent Rc8.} Bf8 $2 {[#]} (36... Rbd7 $18 37. Re1 (37. Qxd5+ Kg6 $16) 37... Re7) 37. Qe6+ Kg6 38. Rc8 (38. Qg8 $142 Rd6 39. Rc8) 38... Rxc8 $18 39. Rxc8 {Intending Qe8+ and mate.} Qd6 40. Qe8+ Kf5 41. Kf3 {[%csl Gf3][%cal Rg3g4]} h5 42. h3 {Weighted Error Value: White=0.08 (flawless) /Black=0.44} 1-0

[Event "VIII Iberoamericano Mexico 2022"]
[Site "Mexico City"]
[Date "2022.02.14"]
[Round "3.4"]
[White "Fier, Alexandr"]
[Black "Jimenez Garcia, Emmanuel"]
[Result "0-1"]
[WhiteElo "2583"]
[BlackElo "2403"]
[Annotator "TA"]
[PlyCount "116"]
[EventDate "2022.02.12"]
[EventType "swiss"]
[EventCountry "MEX"]
[SourceTitle "playchess.com"]
[Source "ChessBase"]
[SourceQuality "1"]

{[%evp 19,116,61,54,31,18,40,25,36,51,20,15,16,37,0,24,13,18,3,41,34,39,28,35,8,10,8,41,33,61,54,54,0,0,0,0,0,0,-8,0,-4,0,0,0,0,0,0,0,0,0,0,0,0,0,0,0,8,8,0,0,0,0,0,0,0,0,-8,-8,-8,-8,-8,-8,-8,-8,-8,-8,-29958,-12847,-12845,-11229,-29967,-29966,-29970,-12556,-29977,-29978,-29978,-29979,-29979,-29980,-29980,-29981,-29980,-29982,-29983,-29982,-29982,-29983,-29983,-29983]} 1. e4 d6 2. d4 Nf6 3. Nc3 e5 4. dxe5 dxe5 5. Qxd8+ Kxd8 6. Bg5 Be6 7. O-O-O+ Nbd7 8. g3 Kc8 9. f4 h6 10. Bxf6 Nxf6 11. Nf3 $1 {[%cal Bg1f3,Bf3d4,Bd4e2][%mdl 32] B07: Pirc Defence: Miscellaneous Systems.} ({Much weaker is} 11. fxe5 Ng4 12. Nh3 g5 $15) 11... exf4 12. gxf4 g6 {Prevents f5.} 13. Nd4 {White has an edge.} Bg4 14. Be2 Bxe2 15. Ndxe2 Bc5 16. h3 {[#]} c6 $146 ({Predecessor:} 16... Nh5 17. Rd3 Rd8 18. Rhd1 Rxd3 19. cxd3 Kd7 20. d4 Be7 21. e5 f5 22. d5 Bc5 {½-½ (58) Sreyas,P (2144)-Koellner,R (2337) Bremen 2020}) 17. e5 Nh5 18. Rhf1 f5 {Prevents Ne4.} 19. Nd4 Bxd4 20. Rxd4 Rd8 21. Rc4 Kd7 $1 22. Rg1 Rg8 23. h4 {Prevents g5.} Ke7 24. a4 a5 25. Nd1 ({White should try} 25. Kd2 $14) 25... Kf7 $11 26. Ne3 Rgd8 27. b3 {[%cal Bb2b3,Bb3b4][%mdl 32]} Rac8 28. Rf1 Ke6 29. b4 b5 30. axb5 cxb5 31. Rxc8 Rxc8 32. bxa5 {[%mdl 4096] Endgame KRN-KRN} Ra8 33. Kb2 Rxa5 34. Kb3 Ra7 35. c3 Ra8 36. Nc2 Kd5 37. Nd4 Ke4 38. Nxb5 {[#] e6 is the strong threat.} Nxf4 39. e6 Rb8 (39... Nxe6 $2 40. Re1+ Kd3 41. Rxe6 $18) 40. Re1+ Kd3 41. e7 Rxb5+ {KRN-KR} 42. Ka4 Rb8 {Threatens to win with ...Re8.} 43. e8=Q Rxe8 44. Rxe8 Kxc3 {aiming for ...Kd3. KR-KN} 45. Rd8 Ng2 46. h5 gxh5 {[%cal Bg6h5,Bh5h4][%mdl 32] White must now prevent ...f4.} 47. Rf8 $2 {[%mdl 8192] [#] Now White is beyond hope.} (47. Rd5 $11) 47... f4 $1 {[%cal Bf5f4,Bf4f3][%mdl 32]} ({Worse is} 47... h4 48. Rxf5 Kd4 49. Kb4 $11 (49. Rh5 Ke4 $11)) 48. Rf6 h4 49. Kb5 Kd3 50. Kc5 h5 {( -> ...h3)} 51. Ra6 f3 {Black mates.} 52. Ra3+ Ke4 53. Ra4+ Ke3 54. Ra3+ Kf4 55. Ra4+ Kg3 56. Kd4 h3 57. Ra1 f2 58. Rf1 Kf3 {Weighted Error Value: White=0.38/Black=0.04 (flawless)} 0-1

[Event "VIII Iberoamericano Mexico 2022"]
[Site "Mexico City"]
[Date "2022.02.14"]
[Round "3.5"]
[White "Gemy, Jose Daniel"]
[Black "Alonso Rosell, Alvar"]
[Result "1/2-1/2"]
[WhiteElo "2381"]
[BlackElo "2570"]
[Annotator "TA"]
[PlyCount "56"]
[EventDate "2022.02.12"]
[EventType "swiss"]
[EventCountry "MEX"]
[SourceTitle "playchess.com"]
[Source "ChessBase"]
[SourceQuality "1"]

{[%evp 23,41,81,82,0,0,-44,0,0,0,0,0,0,18,16,22,0,0,0,0,0]} 1. e4 {Konikowski} c5 2. Nf3 d6 3. d4 cxd4 4. Nxd4 Nf6 5. Nc3 a6 6. Bg5 {[%cal Bc1g5,Bg5h4,Bh4f2][%mdl 32]} e6 7. f4 {[%cal Bf2f4,Bf4g5][%mdl 32]} Nc6 8. Nxc6 bxc6 9. e5 h6 10. Bh4 g5 11. fxg5 Nd5 12. Ne4 Qb6 {And now ...Qb4+ would win.} 13. c4 {B96: Sicilian Najdorf: 6 Bg5 e6 7 f4, lines other than 7...Qb6 and 7...Be7.} (13. Nxd6+ $2 Bxd6 14. exd6 Qb4+ 15. Qd2 Qxh4+ 16. Kd1 Qxg5 17. Qxg5 hxg5 $19) ({White should play} 13. c3 $16) 13... Qxb2 $11 {[%cal Od6e5]} 14. exd6 {[#]} (14. Qb1 $2 Qxe5 15. g6 (15. cxd5 $2 cxd5 16. Be2 dxe4 $19) 15... f5 $1 16. cxd5 Bg7 $19) (14. g6 $11 fxg6 15. exd6) 14... hxg5 $1 15. Bf2 $1 {The position is equal.} ({Much worse is} 15. Bxg5 {[#]} Qe5 $1 16. cxd5 (16. Bd3 $2 f5 $19) 16... Qxe4+ 17. Qe2 Qb4+ 18. Bd2 Qb2 $17) 15... Bg7 16. Rb1 $1 Qe5 17. Qe2 Nf4 18. Qe3 {Hoping for g3.} f5 19. Nxg5 {g3 is the strong threat.} Qa5+ 20. Kd1 $1 {Chess con chili.} ({Don't blunder} 20. Qd2 $2 Bc3 21. Be3 Bxd2+ $19) 20... Qxa2 21. Kc1 {[#] A balanced but interesting game.  Weighted Error Value: White=0.12 (very precise) /Black=0.10 (very precise)} {Predecessor:} e5 $146 22. Bg3 Ng6 23. Be2 Bd7 24. h3 f4 25. Qe4 Qa3+ 26. Rb2 Rb8 27. Qxg6+ Kd8 28. Qb1 e4 {0-1 (28) Przybylski,J-Konikowski,J corr 2005 Telechess CBM 111 [Konikowski]} 1/2-1/2

[Event "VIII Iberoamericano Mexico 2022"]
[Site "Mexico City"]
[Date "2022.02.14"]
[Round "3.6"]
[White "Albornoz Cabrera, Carlos Daniel"]
[Black "Veiga, Jose Francisco R P N"]
[Result "0-1"]
[WhiteElo "2567"]
[BlackElo "2366"]
[Annotator "TA"]
[PlyCount "84"]
[EventDate "2022.02.12"]
[EventType "swiss"]
[EventCountry "MEX"]
[SourceTitle "playchess.com"]
[Source "ChessBase"]
[SourceQuality "1"]

{[%evp 21,84,29,33,13,47,41,48,35,34,34,64,56,80,38,106,116,115,114,109,95,103,79,81,-54,75,91,78,91,99,58,74,49,39,7,15,15,14,0,0,-456,-339,-340,-333,-382,-355,-424,-419,-416,-398,-381,-391,-1012,-938,-1714,-1675,-29977,-29976,-29984,-29985,-29985,-29986,-29986,-29987,-29995,-29996]} 1. e4 e5 2. Nf3 Nc6 3. Bb5 a6 4. Ba4 Nf6 5. O-O Be7 6. Re1 b5 7. Bb3 d6 8. c3 O-O 9. h3 Nb8 10. d4 Nbd7 11. c4 c6 12. Qc2 {C95: Closed Ruy Lopez: Breyer Variation with 10 d4.} Qc7 (12... a5 $5 {[%cal Ra5a4]} 13. cxb5 cxb5 $11) 13. a3 Bb7 14. Nc3 {White is slightly better.} Rac8 15. Be3 h6 {[#]} 16. Nh4 $146 ({Predecessor:} 16. Rad1 a5 17. Nh4 b4 18. axb4 axb4 19. Ne2 Rfe8 20. dxe5 Nxe5 21. Nf5 Bf8 22. Neg3 {1-0 (34) Hakobyan,A (2603)-Davtyan,A (2453) Tsaghkadzor 2021}) 16... bxc4 {[#]} 17. Bxc4 (17. Nf5 $1 $16 cxb3 18. Nxe7+ Kh8 19. Qxb3) 17... Nb6 (17... exd4 $14 18. Bxd4 c5 19. Bxf6 Bxf6) 18. Ba2 $1 $16 exd4 19. Bxd4 c5 20. Be3 d5 21. e5 Ne4 22. Ng6 Rfe8 {[#]} (22... fxg6 $15 {keeps the upper hand.} 23. Qxe4 Qc6) 23. Nxd5 $1 Nxd5 24. Qxe4 c4 {[#]} 25. Nxe7+ ({White should try} 25. Rac1 $1 $16 {[%cal Rc1c4]} Bxa3 (25... Nc3 26. Qxc4) 26. bxa3) 25... Rxe7 $14 26. Bd4 {And now Qg4 would win.} Nb4 27. Qf5 (27. Qg4 $5 {[%cal Ra3b4]} Nc2 28. Rad1 (28. e6 f5 $17) 28... Nxe1 29. Rxe1 $11) 27... Nxa2 28. Rxa2 Rd8 29. Bc3 Re6 $40 {[%mdl 128] ...Rg6 is the strong threat. Black mounts an attack.} 30. Qf4 $2 {[%mdl 8192] [#]} (30. f3 $11 {and White has nothing to worry.}) 30... Rf6 $3 {[%mdl 512]} 31. Qh2 Rg6 32. g4 {[%cal Oe5e6]} Qc6 33. Raa1 {[#]} h5 $1 {[%cal Bh6h5,Bh5g4,Bg4g3][%mdl 32] White must now prevent ...Rd3.} 34. Re3 Rd3 {Threatens to win with ...Rxe3.} ({But not} 34... hxg4 $2 35. Rg3 $19) 35. Rae1 hxg4 36. h4 $2 (36. e6 gxh3+ 37. Kf1 fxe6 38. Qxh3) 36... Rh6 $19 37. e6 Rxe6 {[%cal Og4g3] Hoping for ...g3!} 38. Rxe6 fxe6 {Black mates.} 39. Re3 g3 40. Qh3 Rxe3 41. fxe3 Qf3 {[%csl Gg3][%cal Rf3f2]} 42. Qxe6+ Kh7 {Weighted Error Value: White=0.80/Black=0.15 (very precise)} 0-1